<?xml version="1.0" encoding="UTF-8"?>
<record
    xmlns:xsi="http://www.w3.org/2001/XMLSchema-instance"
    xsi:schemaLocation="http://www.loc.gov/MARC21/slim http://www.loc.gov/standards/marcxml/schema/MARC21slim.xsd"
    xmlns="http://www.loc.gov/MARC21/slim">

  <leader>02044cam a2200349 a 4500</leader>
  <controlfield tag="003">EG-GiCUC</controlfield>
  <controlfield tag="005">20250223031226.0</controlfield>
  <controlfield tag="008">150509s2014    ua dh  f m    000 0 eng d</controlfield>
  <datafield tag="040" ind1=" " ind2=" ">
    <subfield code="a">EG-GiCUC</subfield>
    <subfield code="b">eng</subfield>
    <subfield code="c">EG-GiCUC</subfield>
  </datafield>
  <datafield tag="041" ind1="0" ind2=" ">
    <subfield code="a">eng</subfield>
  </datafield>
  <datafield tag="049" ind1=" " ind2=" ">
    <subfield code="a">Deposite  </subfield>
  </datafield>
  <datafield tag="097" ind1=" " ind2=" ">
    <subfield code="a">Ph.D</subfield>
  </datafield>
  <datafield tag="099" ind1=" " ind2=" ">
    <subfield code="a">Cai01.11.15.Ph.D.2014.Ah.E</subfield>
  </datafield>
  <datafield tag="100" ind1="0" ind2=" ">
    <subfield code="a">Ahmed Mohamad Abdelaal Kenawy </subfield>
  </datafield>
  <datafield tag="245" ind1="1" ind2="0">
    <subfield code="a">Evaluation of uterine scar and its possible defect after cesarean section by transvaginal ultrasound / </subfield>
    <subfield code="c">Ahmed Mohamad Abdelaal Kenawy ; Supervised Hany&#xA0;Hassan&#xA0;Mostafa , Magdy&#xA0;Ibrahim&#xA0;Mostafa , Ahmed&#xA0;Mahmoud&#xA0;Sayed</subfield>
  </datafield>
  <datafield tag="246" ind1="1" ind2="5">
    <subfield code="a">&#x62A;&#x642;&#x64A;&#x645; &#x625;&#x62D;&#x62A;&#x645;&#x627;&#x644; &#x625;&#x639;&#x62A;&#x644;&#x627;&#x644;&#x627;&#x62A; &#x627;&#x644;&#x646;&#x62F;&#x628; &#x627;&#x644;&#x631;&#x62D;&#x645;&#x64A;&#x629; &#x645;&#x627; &#x628;&#x639;&#x62F; &#x627;&#x644;&#x639;&#x645;&#x644;&#x64A;&#x629; &#x627;&#x644;&#x642;&#x64A;&#x635;&#x631;&#x64A;&#x629; &#x639;&#x646; &#x637;&#x631;&#x64A;&#x642; &#x627;&#x644;&#x641;&#x62D;&#x635; &#x627;&#x644;&#x645;&#x647;&#x628;&#x644;&#x649; &#x628;&#x627;&#x644;&#x645;&#x648;&#x62C;&#x627;&#x62A; &#x641;&#x648;&#x642; &#x627;&#x644;&#x635;&#x648;&#x62A;&#x64A;&#x629;</subfield>
  </datafield>
  <datafield tag="260" ind1=" " ind2=" ">
    <subfield code="a">Cairo : </subfield>
    <subfield code="b">Ahmed Mohamad Abdelaal Kenawy , </subfield>
    <subfield code="c">2014</subfield>
  </datafield>
  <datafield tag="300" ind1=" " ind2=" ">
    <subfield code="a">87 P. : </subfield>
    <subfield code="b">charts , facsimiles ; </subfield>
    <subfield code="c">25cm</subfield>
  </datafield>
  <datafield tag="502" ind1=" " ind2=" ">
    <subfield code="a">Thesis (Ph.D.) - Cairo University - Faculty of Medicine - Department of Gynecology and Obstetrics</subfield>
  </datafield>
  <datafield tag="520" ind1=" " ind2=" ">
    <subfield code="a">This cross-sectional study was intended to describe morphological criteria of cesarean section scar and or their defects (niches) through examination by transvaginal ultrasonography (TVS) during the non-pregnant state and to associate the CS defects with the related gynecological presentation and risk factors in such patients. The study involved 100 multiparous women with history of at least one previous CS recruited from the outpatient clinic of Aswan Teaching Hospital during the period from January 2011 to February 2013 </subfield>
  </datafield>
  <datafield tag="530" ind1=" " ind2=" ">
    <subfield code="a">Issued also as CD</subfield>
  </datafield>
  <datafield tag="653" ind1=" " ind2="4">
    <subfield code="a"> Cesarean section scar defects</subfield>
  </datafield>
  <datafield tag="653" ind1=" " ind2="4">
    <subfield code="a"> Post menstrual spotting</subfield>
  </datafield>
  <datafield tag="653" ind1=" " ind2="4">
    <subfield code="a"> Transvaginal ultrasonography (TVS)</subfield>
  </datafield>
  <datafield tag="700" ind1="0" ind2=" ">
    <subfield code="a">Ahmed&#xA0;Mahmoud&#xA0;Sayed , </subfield>
    <subfield code="e">Supervisor</subfield>
  </datafield>
  <datafield tag="700" ind1="0" ind2=" ">
    <subfield code="a">Hany&#xA0;Hassan&#xA0;Mostafa , </subfield>
    <subfield code="e">Supervisor</subfield>
  </datafield>
  <datafield tag="700" ind1="0" ind2=" ">
    <subfield code="a">Magdy&#xA0;Ibrahim&#xA0;Mostafa , </subfield>
    <subfield code="e">Supervisor</subfield>
  </datafield>
  <datafield tag="856" ind1=" " ind2=" ">
    <subfield code="u">http://172.23.153.220/th.pdf</subfield>
  </datafield>
  <datafield tag="905" ind1=" " ind2=" ">
    <subfield code="a">Nazla</subfield>
    <subfield code="e">Revisor</subfield>
  </datafield>
  <datafield tag="905" ind1=" " ind2=" ">
    <subfield code="a">Soheir</subfield>
    <subfield code="e">Cataloger</subfield>
  </datafield>
  <datafield tag="942" ind1=" " ind2=" ">
    <subfield code="2">ddc</subfield>
    <subfield code="c">TH</subfield>
  </datafield>
  <datafield tag="999" ind1=" " ind2=" ">
    <subfield code="c">50843</subfield>
    <subfield code="d">50843</subfield>
  </datafield>
  <datafield tag="952" ind1=" " ind2=" ">
    <subfield code="2">ddc</subfield>
    <subfield code="7">0</subfield>
    <subfield code="a">CUCL</subfield>
    <subfield code="b">cl210</subfield>
    <subfield code="d">2024-02-11</subfield>
    <subfield code="o">Cai01.11.15.Ph.D.2014.Ah.E</subfield>
    <subfield code="p">01010110065577000</subfield>
    <subfield code="r">2023-09-22 00:00:00</subfield>
    <subfield code="y">TH</subfield>
  </datafield>
  <datafield tag="952" ind1=" " ind2=" ">
    <subfield code="2">ddc</subfield>
    <subfield code="7">0</subfield>
    <subfield code="a">CUCL</subfield>
    <subfield code="b">cl2u8</subfield>
    <subfield code="d">2024-02-11</subfield>
    <subfield code="o">Cai01.11.15.Ph.D.2014.Ah.E</subfield>
    <subfield code="p">01020110065577000</subfield>
    <subfield code="r">2023-09-22 00:00:00</subfield>
    <subfield code="t">65577.CD     </subfield>
    <subfield code="y">CD</subfield>
  </datafield>
</record>
